000 00550nam a2200169 i 4500
001 32814
003 ES-MaACL
005 20230906154635.0
007 t|
008 030131s1940 sp ||||1| spa d
100 1 _aBermejo García, Eduardo.
_928104
245 1 0 _aSan Valerio
_b: un asceta español del siglo VII, (ensayo crítico) /
_cpor Eduardo Bermejo García.
260 _aMadrid :
_b[s.n.,
_c1940] (
_fTalls. Gráfs. "Marsiega")
300 _a53 p. ;
_c21 cm.
852 _aES-MaACL
_jA-5208
_bR.18088
852 _aES-MaACL
_j1525-F-30
_bR.17015
999 _c32814
_d32814